000 00813nam a2200229Ia 4500
003 IN-BaIIA
008 211028s9999 xx 000 0 eng d
020 _a0-8194-4208-9
040 _cIIA Library
080 _a535(082.1)
_bSPI-4494
245 0 _aAdaptive optics systems and technology II
_cedited by Robert K. Tyson, Domenico Bonaccini and Michael C. Roggemann
260 _aWashington, D. C.
_bThe International Society for Optical Engineering
_c2002
300 _avii, 374p.
490 _aSPIE proceedings series; v. 4494
650 _aAdaptive optics systems
_926372
650 _aLaser guided stars
_926373
650 _aWavefront sensing
_926374
700 _aBonaccini, Domenico, ed.
_926375
700 _aRoggemann, Michael C., ed.
_926376
700 _aTyson, Robert K., ed.
_924668
942 _cBK
999 _c14731
_d14731